000 00242nam a2200097Ia 4500
008 231207s9999 xx 000 0 und d
082 _a301.22
_bARN
100 _aArnold, David O.
245 0 _aSubcultures
260 _bThe Glendessary Press-Berkeley
999 _c3332
_d3332